El escarabajo sagrado y otros grandes ensayos sobre la ciencia (Registro nro. 183683)
[ vista simple ]
| 000 -ENCABEZADO | |
|---|---|
| Número de control [NR] | 01093nam a22002537a 4500 |
| 005 - FECHA Y HORA DE LA ÚLTIMA TRANSACCIÓN | |
| control field | 20140903175012.0 |
| 008 - DE LONGITUD FIJA DE DATOS DE ELEMENTOS - INFORMACIÓN GENERAL | |
| Elementos de longitud fija [NR] | 131216s1986 sp fr 000 0dspa c |
| 020 ## - NUMERO INTERNACIONAL NORMALIZADO PARA LIBROS [R] | |
| Número Internacional Normalizado del libro [NR] | 8434582465 (obra completa) |
| 020 ## - NUMERO INTERNACIONAL NORMALIZADO PARA LIBROS [R] | |
| Número Internacional Normalizado del libro [NR] | 8434584115 (V.1) |
| 020 ## - NUMERO INTERNACIONAL NORMALIZADO PARA LIBROS [R] | |
| Número Internacional Normalizado del libro [NR] | 8434584123 (V.2) |
| 040 ## - FUENTE DE CATALOGACION [NR] | |
| Agencia de catalogación original [NR] | CO-BoUCM |
| Idioma de catalogación [NR] | spa |
| Quien Cataloga | |
| Quien Clasifica | Diana Londoño |
| 041 00 - CODIGO DE IDIOMA [R] | |
| Código de idioma para texto/pista de sonido o título separado [R] | Español |
| 100 1# - ASIENTO PRINCIPAL--NOMBRE PERSONAL [NR] | |
| Nombre personal [NR] | Gardner, Martin |
| Fechas asociadas con el nombre [NR] | 1914-2010 |
| ID Autoridad | 53053 |
| 245 13 - MENCION DE TITULO [NR] | |
| Título [NR] | El escarabajo sagrado y otros grandes ensayos sobre la ciencia |
| Mención de responsabilidad, etc. [NR] | Martin Gardner ; traducción de Diorki |
| 260 ## - PUBLICACION, DISTRIBUCION, ETC. (PIE DE IMPRENTA) [R] | |
| Lugar de publicación, distribución, etc. [R] | Barcelona (España) |
| Nombre del editor, distribuidor, etc. [R] | Salvat |
| Fecha de publicación, distribución, etc. [R] | 1986 |
| 300 ## - DESCRIPCION FISICA [R] | |
| Extensión [R] | 2 volúmenes |
| 490 0# - MENCION DE SERIE [R] | |
| Mención de serie [R] | Biblioteca Científica Salvat |
| Designación numérica/secuencial del volumen [NR] | 41, 42 |
| 505 ## - NOTA DE CONTENIDO CON FORMATO PREESTABLECIDO [R] | |
| Información miscelánea [R] | V.1 |
| State manifest and birth record (1764-1977). | Desde La esfinge / Francis Bacon, hasta La física en el mundo contemporáneo / Robert Oppenheimer. -- |
| Información miscelánea [R] | V.2 |
| State manifest and birth record (1764-1977). | Desde Religión y ciencia / Alfred North Whitehead, hasta Las siete maravillas / Lewis Thomas. |
| 650 #7 - ASIENTO SECUNDARIO DE MATERIA - TERMINO TEMATICO [R] | |
| Término temático o nombre geográfico como elemento de entrada [NR] | Ciencia |
| 9 (RLIN) | 10767 |
| 650 #7 - ASIENTO SECUNDARIO DE MATERIA - TERMINO TEMATICO [R] | |
| Término temático o nombre geográfico como elemento de entrada [NR] | Desarrollo científico y tecnológico |
| 9 (RLIN) | 12929 |
| 690 ## - ASUNTO AGREGADO LOCAL DE ENTRADA - TÉRMINO TEMÁTICO (OCLC, RLIN) | |
| 9 (RLIN) | 42755 |
| Acceso temático local | Ciencias naturales |
| 942 ## - ELEMENTOS DE ENTRADA AGREGADOS (KOHA) | |
| Tema principal | Ciencias puras |
| Tipo de ítem principal el descrito en 300a | Libro |
| Edición | 1 |
| Parte restante de la signatura top. | G226e |
| Sistema de clasificación | DEWEY |
| Clasificación | 500 |
| Fecha de último préstamo | Total préstamos | Total Renewals | Signatura topográfica | Código de barras | Última vez visto | Volúmen / Fascículo | Ejemplar | Costo de reposición | Price effective from | Tipo de ítem | Perdido | Sistema de clasificación | Dañado | No prestable | Tipo de ítem específico | Suprimido | Ubicación habitual | Ubicación actual | Localización | Fecha de creación | Proveedor | Forma de adquisición | Costo |
|---|---|---|---|---|---|---|---|---|---|---|---|---|---|---|---|---|---|---|---|---|---|---|---|
| 28/10/2014 | 2 | 2 | 500 G226e | 100139510 | 11/12/2025 | V.1 | Ej.1 | 57650.00 | 27/11/2013 | Libro | DEWEY | Libro | Quinta de Mutis | Quinta de Mutis | Mezanecs | 27/11/2013 | 15 | Compra | 57650.00 | ||||
| 28/10/2014 | 2 | 2 | 500 G226e | 100139511 | 11/12/2025 | V.2 | Ej.1 | 57650.00 | 27/11/2013 | Libro | DEWEY | Libro | Quinta de Mutis | Quinta de Mutis | Mezanecs | 27/11/2013 | Compra | 57650.00 |